000 00646nam a2200241 i 4500
001 C2-0327587
003 PPAK
005 20180728125202.0
008 140707s2014 my |||| ||||| | may d
020 _a9789670528380
040 _aPPAK
_beng
_cPPAK
_erda
082 0 4 _a297.4
_223
090 0 0 _a297.4
_bAMM
_dG
100 0 _aAmmar Annajar,
_eauthor
245 1 0 _aKisah cinta para kaum sufi
264 1 _aPuchong, Selangor :
_bJasmin Publications ,
_c2014
300 _axxiii, 697 pages ;
_c22 cm
336 _2rdacontent
_atext
337 _2rdamedia
_aunmediated
338 _2rdacarrier
_avolume
650 1 0 _aSufism.
942 _ddc
_cB
999 _c127125
_d127125